000 00502cam a2200181ua 4500
001 481
008 110406n ii |||gr||||Z||||||eng
040 _cMAIN
082 _a327.54
245 _aShort introduction to the history of Southeast Asia.
_cBy Richard Allen.
250 _a1st.
260 _aLondon.:
_bOxford university press.,970.
300 _ax, 306 p.:5 cm.
653 _aPolitical science.
653 _aHistory of politics in Southjeast Asia.
700 1 _aAllen, Richard.,
942 _cBK
999 _c422
_d422